000 01427nam a22003617a 4500
003 CHAP
005 20220329133629.0
008 971013s1995 r 00010 d
010 _a8792
011 _a9764
035 _a8999
040 _cCHAP
082 _a580.12
_bC35
100 0 0 _aCano y Cano, Gerónimo.
_918437
245 _aTaxonomía de plantas superiores
260 _aMéxico, D.F. :
_bTrillas,
_c1995
300 _a359 p.
_b: ilus.
590 _aBATCH-UPD
_b10
_c20130110
_lUCH01
_h2020
590 _aBATCH-UPD
_b10
_c20130410
_lUCH01
_h1338
590 _aBATCH-UPD
_b10
_c20130914
_lUCH01
_h0727
590 _aCONVERSION
_b10
_c20130109
_lUCH01
_h1306
650 1 4 _aBotánica
_xClasificación.
_914516
650 1 4 _aPlantas
_xNomenclatura.
_988871
901 _aBK
942 _cLIBRO
949 _a580.12 C35
_bBC
_cC
_d33724000517504
_eC
_fc.2
_gI.c/e
_h88104
_i8999
_si
_t66.00
949 _a580.12 C35
_bBC
_cC
_d33724000946927
_eC
_gI.c/e
_h88103
_i8999
_si
_t66.00
949 _a580.12 C35
_bBC
_cLIBRO
_d33724000002838
_eLIBRO
_fc.5
_gI.c/e
_h88107
_i8999
_si
_t66.00
949 _a580.12 C35
_bBC
_cLIBRO
_d33724000002846
_eLIBRO
_fc.3
_gI.c/e
_h88105
_i8999
_si
_t66.00
949 _a580.12 C35
_bBC
_cLIBRO
_d33724000002853
_eLIBRO
_fc.4
_gI.c/e
_h88106
_i8999
_si
_t66.00
949 _a580.12 C35
_bBC
_cLIBRO
_d33724000010856
_eLIBRO
_fc.6
_h89294
_i8999
_so
_t66.00
949 _a580.12 C35
_bBC
_cLIBRO
_d33724000010864
_eLIBRO
_fc.7
_h89295
_i8999
_si
_t66.00
999 _c8792
_d8792